| 000 | 00556nam a22001817a 4500 | ||
|---|---|---|---|
| 005 | 20251108164650.0 | ||
| 008 | 250721s1981 xx 000 0 ara d | ||
| 082 | 1 | 4 | _a415/احم |
| 100 | 1 | _aالبقري، أحمد ماهر | |
| 245 | 1 | 0 |
_aفي علم النحو : _bدراسة و محاوره / |
| 264 | 1 |
_aالإسكندرية : _bالمكتب العربي الحديث، _c1981. |
|
| 300 | _a319ص | ||
| 650 | 1 | 7 | _aاللغة العربية |
| 650 | 1 | 7 | _aقواعد اللغة |
| 650 | 1 | 7 | _aعلم الصرف |
| 942 |
_2ddc _cBK |
||
| 999 |
_c11287 _d11287 |
||